| 000 | 00491nam a2200181Ia 4500 | ||
|---|---|---|---|
| 001 | 64873 | ||
| 008 | 211030n2018 ii |||gr||||Z||||||465 | ||
| 020 | _a9788193605530 | ||
| 082 | _a808.82 | ||
| 100 |
_aChoudhury, Bibhash, _eEditor. |
||
| 245 | 0 |
_aModern theatre _bstatements and texts _hTextual Documents |
|
| 260 |
_aGauhati _bPapyrus; Books & beyond _c2018 |
||
| 300 |
_a352 p.: _c17 cm. |
||
| 653 | _aLiterature | ||
| 653 | _aTheatre | ||
| 653 | _aEnglish literature | ||
| 942 |
_2ddc _cBK |
||
| 999 |
_c65973 _d65973 |
||